Word Answers that End in "-uous" - Statistics

General Stats
  • This quiz has been taken 113 times
  • The average score is 8 of 20
Answer Stats
Definition Word % Correct
Shedding or losing foliage at the end of the growing season {decid}uous
67%
Uninterrupted in time, sequence, substance, or extent {contin}uous
66%
Demanding great effort or labor; difficult {ard}uous
54%
Having casual sexual relations frequently with different partners {promisc}uous
54%
Requiring great effort, energy, or exertion {stren}uous
52%
Relating to sensual pleasure; having a curvaceous figure {volupt}uous
47%
Open to more than one interpretation; doubtful or uncertain {ambig}uous
45%
Having no adverse effect; harmless {innoc}uous
45%
Having or showing moral excellence {virt}uous
42%
Lacking intelligence; stupid or empty-headed {vac}uous
41%
Weak or insubstantial; flimsy {ten}uous
38%
Being beyond what is required or sufficient {superfl}uous
36%
Sharing an edge or boundary; touching; neighboring; adjacent {contig}uous
35%
Foolish or silly, especially in a smug or self-satisfied way {fat}uous
35%
Having a pleasant and fluid sound {mellifl}uous
27%
Acting or done quickly with little or inadequate thought; hasty {impet}uous
19%
Easy to notice; obvious {conspic}uous
18%
Not straightforward or candid; insincere or calculating {disingen}uous
13%
Going beyond what is right or proper; excessively forward {presumpt}uous
11%
Very loud; noisy; characterized by disorderly commotion or emotional agitation {tumult}uous
9%
No matching quizzes found
Score Distribution
Percent of People with Each Score
Percentile by Number Answered
Your Score History
You have not taken this quiz